000 00577nam a2200217Ia 4500
005 20260429112214.0
008 260429s9999||||xx |||||||||||||| ||und||
020 _a9789392862823
041 _aEnglish
082 _a539
_bKUM
100 _aKumar, Aman
245 0 _aAdvances in atomic, molecular and optical physics /
_cAman Kumar
250 _a1st ed.
260 _aNew Delhi :
_bSSDN Publishers,
_c2024.
300 _aix, 203 p.; hb
650 _a Atomic physics
650 _a Molecular physics
650 _a Optical physics
650 _aPhysics
942 _cTB
999 _c52886
_d52886